IFM Opac

Environmental Engineering and Snitation (Record no. 18392)

MARC details
000 -LEADER
fixed length control field 00374nam a22001457a 4500
020 ## - INTERNATIONAL STANDARD BOOK NUMBER
International Standard Book Number 0471750778
082 ## - DEWEY DECIMAL CLASSIFICATION NUMBER
Classification number 620.8SAL
100 ## - MAIN ENTRY--PERSONAL NAME
Personal name Salvato, Joseph. A
245 ## - TITLE STATEMENT
Title Environmental Engineering and Snitation
250 ## - EDITION STATEMENT
Edition statement 2 Edition
260 ## - PUBLICATION, DISTRIBUTION, ETC.
Place of publication, distribution, etc. London
Name of publisher, distributor, etc. Wiley- Interscience
Date of publication, distribution, etc. 1972
300 ## - PHYSICAL DESCRIPTION
Extent xviii, 919
Other physical details ill,24cm
500 ## - GENERAL NOTE
General note Includes Appendix and Index
942 ## - ADDED ENTRY ELEMENTS (KOHA)
Koha item type Books
Holdings
Withdrawn status Lost status Source of classification or shelving scheme Damaged status Not for loan Home library Current library Shelving location Date acquired Full call number Barcode Date last seen Price effective from Koha item type
    Dewey Decimal Classification     IFM Main Campus Library IFM Main Campus Library   08/15/2017 620.8SAL 0000011514 08/15/2017 08/15/2017 Books